Music Quiz

Random Music or Artist Quiz

Top 25 Music Artists of the (late) '50s Quiz Stats

 Plays Quiz not verified by Sporcle

Challenge
Share
Tweet
Embed
Score 0/25 Timer 07:00
0 Plays Today
rank music artist(s) % Correct
#1Elvis Presley
97.2%
#9Frank Sinatra
58.7%
#23Chuck Berry
52.3%
#4Fats Domino
39.4%
#6Platters
39.4%
#3Perry Como
32.1%
#2Pat Boone
31.2%
#8Everly Brothers
31.2%
#7Nat 'King' Cole
29.4%
#16Paul Anka
25.7%
#21Andy Williams
25.7%
#5Ricky Nelson
24.8%
#19Connie Francis
22%
rank music artist(s) % Correct
#13Bill Haley and His Comets
17.4%
#12Johnny Mathis
16.5%
#15Patti Page
13.8%
#11Four Lads
12.8%
#20Frankie Avalon
12.8%
#10McGuire Sisters
11.9%
#14Diamonds
8.3%
#24Billy Vaughn
7.3%
#18Teresa Brewer
6.4%
#22Fontane Sisters
5.5%
#25Ames Brothers
5.5%
#17Jimmie Rodgers
4.6%

You're not logged in!

Compare scores with friends on all Sporcle quizzes.
Join for Free
OR
Log In

You Might Also Like...

Show Comments

Extras

Top Quizzes Today


Score Distribution

Your Account Isn't Verified!

In order to create a playlist on Sporcle, you need to verify the email address you used during registration. Go to your Sporcle Settings to finish the process.

Report this User

Report this user for behavior that violates our Community Guidelines.

Details: